Fridolín Macháček jako muzeolog a organizátor českého muzejnictví /

Hlavní autor: Špét, Jiří, 1928-2012
Korporativní autor: Západočeské muzeum (Plzeň, Česko)
Jazyk: Čeština
Vydáno: Plzeň : Západočeské muzeum, 1996
Edice: Příspěvky k dějinám muzejnictví
Témata:
Externí odkaz: Digitalizovaný dokument
Fyzický popis: 28 s. ; 29 cm
Knihy
Uloženo v:
LEADER 01643nam a2200433 a 4500
001 000092802
003 CZ BrMZK
005 20230918113706.0
008 960815s1996 xr e bcze d
015 |a cnb000097193 
020 |a 80-85125-83-8 
035 |a (OCoLC)38970431 
040 |a BOA001  |b cze 
043 |a e-xr--- 
045 |a w8x5 
072 7 |a 069  |x Muzea. Muzeologie. Muzejnictví. Výstavy  |2 Konspekt  |9 12 
072 7 |a 929  |x Biografie  |2 Konspekt  |9 8 
080 |a 069.01-051  |2 MRF 
080 |a 069.01  |2 MRF 
080 |a 929  |2 MRF 
080 |a (437.3)  |2 MRF 
080 |a (092)  |2 MRF 
100 1 |a Špét, Jiří,  |d 1928-2012  |7 jk01130879  |4 aut 
245 1 0 |a Fridolín Macháček jako muzeolog a organizátor českého muzejnictví /  |c Jiří Špét. 
260 |a Plzeň :  |b Západočeské muzeum,  |c 1996 
300 |a 28 s. ;  |c 29 cm 
490 1 |a Příspěvky k dějinám muzejnictví 
600 1 7 |a Macháček, Fridolin,  |d 1884-1954  |7 jk01072939  |2 czenas 
648 4 |a 1884-1954 
648 7 |a 19.-20. století  |7 ch757015  |2 czenas 
650 0 7 |a muzeologové  |7 ph391068  |z Česko  |y 19.-20. století  |2 czenas 
650 0 7 |a muzeologie  |7 ph123054  |z Česko  |y 19.-20. století  |2 czenas 
655 7 |a biografie  |7 fd131909  |2 czenas 
710 2 |a Západočeské muzeum (Plzeň, Česko)  |7 kn20010709441 
830 0 |a Příspěvky k dějinám muzejnictví 
856 4 1 |u http://www.digitalniknihovna.cz/mzk/uuid/uuid:5531a490-3722-11e4-8e0d-005056827e51  |y Digitalizovaný dokument  |x NDK 
910 |a BOA001  |b X2-1024.525 
990 |a BK 
996 7 |b 2610041697  |c X2-1024.525  |l MZK  |r Sklad / do 24 hodin  |n 34  |p p.v.  |w 000092802  |u 000010  |a 1  |e BOA001  |j MZK50  |s A